000 03130nam a2200349 a 4500
001 12728
003 BD-JhCC
005 20230509092509.0
008 23 s2020 nyua b 001 0 eng
010 _a
020 _z9781529035056
040 _aDLC
_beng
_erda
_cDLC
_dBD-JhCC
042 _apcc
050 0 0 _aHD57.7
_b.C376 2020
082 0 0 _a658.4/092
_223
_bCAS 2020
100 1 _aCaslen, Robert L.,
_cJr.,
_d1953-
_eauthor.
245 1 4 _aThe character edge :
_bleading and winning with integrity /
_cRobert L. Caslen, Jr. and Dr. Michael D. Matthews.
250 _aFirst edition.
264 1 _aNew York, NY :
_bMacmillan,
_c[2020]
300 _axxx, 320 pages :
_billustrations ;
_c25 cm
336 _atext
_btxt
_2rdacontent
337 _aunmediated
_bn
_2rdamedia
338 _avolume
_bnc
_2rdacarrier
504 _aIncludes bibliographical references and index.
520 _a"The former superintendent at West Point and a psychologist explain why all successful leaders rely on a foundation of strong character. Among the most successful leaders throughout history-from Abe Lincoln to Rosa Parks, Mahatma Gandhi to Susan B. Anthony, Martin Luther King, Jr. to Nelson Mandela-some were brilliant mathematicians and economists, others were creative visionaries, still others were masterful at strategic planning. Their mastery of their field wasn't the secret to their highly effective leadership. All of their skill, grit, resilience, charisma, and courage emanated from one thing: their strength of character. Character-the moral values and habits of an individual-is in the spotlight now more than perhaps at any other point in modern history. Politicians distort facts. Corporations cheat customers and investors. Athletes are caught using illegal supplements. In addition to harming our culture at large, these failures of character have a profound and undermining impact on leadership. The authors of this book are experts on the value of character, its correlation with successful leadership, and how to build it in individuals and prospective leaders. General Robert L. Caslen, Jr. served the US Army for over 43 years and served as Superintendent at the US Military Academy at West Point. Psychologist Dr. Michael D. Matthews is a Professor of Engineering Psychology at West Point who has focused on the psychology of character for years. Together they witnessed firsthand that raw talent is not enough to stand on its own; successful leadership relies on the critical foundation of a strong character. In The Character Edge they leverage their perspectives to offer an empowering, story-driven argument-backed by the latest scientific research-that character is vital to success. They give readers the tools to build and sustain character in themselves and their organizations by testing readers' strengths of the gut, head and heart and teaching how to build trust and nurture the seeds of character"--
_cProvided by publisher.
650 0 _aLeadership.
650 0 _aCharacter.
650 0 _aIntegrity.
650 0 _aExecutive ability.
700 1 _aMatthews, Michael D.,
_eauthor.
942 _2ddc
_cBK
999 _c12727
_d12727